000 02079nam a2200469 c 4500
999 _c150960
_d150960
003 BLK
005 20250225005540.0
008 180410b bul|||||r ||||||| ||bul||
010 _aKNG00157315000
040 _aBLK
041 _aBUL
_cBUL
072 7 _2bullib
_aК
_xКраезнание
080 _aПолитически и национални младежки движения
_b329.78
_x(497.2)
_z329.78(497.2)
080 _aАприлско въстание (1876). Четата на Хр. Ботев
_b94(497.2)"1876"
_z94(497.2)"1876"
100 1 _aЛозанова, Лиляна
_eпърви автор
_9331196
139 _aЛозанова, Лиляна
_bЛ 79
245 1 0 _aРадецки'66
_b[Очерци]
_cЛиляна Лозанова; под ред. на Александър Лилов.
257 _aBGR
260 _bНар. младеж
_c1973
300 _a343 с.
_bс портр., факс.
_c20 см
380 _a3
500 _aАвт. не е отбелязана на кор. - 20 125 тир. - Участието на чавдарчетата и пионерчетата в построяването на ист. кораб "Радецки" и ист. очерци за Ботевата чета
650 4 _aМладежки организации и движения - България - история
_9245109
650 4 _aБотева чета
_9245117
651 4 _aБългария
_9241624
653 _aРадецки
653 _aпионери
653 _aмладежки организации
653 _aБотева чета
653 _aчетници
653 _aХристо Ботев
659 _aК
700 1 _aЛилов, Александър
_eпод ред. на
_9377844
852 _aЦб 66846
852 _aК 329/Л 79
856 4 _qpdf
856 4 _qpdf
942 _cKNG
_n0
_s1
944 _aCR
_c28.02.2014
_lCRON CRON
_k
944 _aED
_c28.02.2014
_l28.02.2014 - от С1,Р / 28.02.2014
999 _d150960